000 005890c a2200193 4500
001 aIQ000952
008 a t19881988mx a spa
020 _a9686164537
050 _aHD9574.M6
_bL69 1988
100 _aLozada, Javier
245 _aTemple y destello /
_cJavier Lozada.
250 _aEdición Conmemorativa
260 _aMéxico :
_bPetróleos Mexicanos,
_cc1988
300 _a439 p. :
_bil. ;
_c23 cm.
504 _aIncluye índice
650 _aPetróleo
_zMéxico
_xHistoria
_2Lemb
650 _aIndustria del petroleo
_zMéxico
_xHistoria
_2Lemb
942 _2lcc
_cLIB
999 _c74377
_d74377